000 00763nam a22002297a 4500
003 UA-OsUOA
001 74352
007 ta
008 20110405b un ||||| |||| 00| 0 ukr d
090 _a81'37(082)
_bП78
942 _cBK
040 _aUA-OsUOA
_bukr
_cUA-OsUOA
_dUA-OsUOA
245 _aПроблеми семантики слова, речення та тексту
_bзбірник наукових праць
_cвідп. ред. Н. М. Корбозерова
300 _a443 с.
955 _a1
041 _aukr
080 _a81'37(082)
260 _aК.
_bКНЛУ
_c2009
250 _nВип. 23
650 7 _a8 Мовознавство. Художня література. Літературознавство
_2UDC
999 _c360642
_d360642